Yleistieto - Maantiede #2 - Statistics

Yleistilastot
  • Tätä visaa on pelattu 736 kertaa
  • Keskiarvotulos 10 / 20
Vastaustilastot
Kysymys Vastaus % Oikein
Mikä on virtaamaltaan maailman suurin joki? Amazon
87%
Mikä kaupunki tunnetaan gondoleistaan? Venetsia
83%
Mikä on sekä väkiluvultaan että pinta-alaltaan maailman pienin itsenäinen valtio? Vatikaanivaltio
81%
Minkä valtion kansallislintu on kiivi? Uusi-Seelanti
79%
Mikä on pinta-alaltaan Afrikan suurin valtio? Algeria
73%
Mikä saari ja Suomen kunta sijaitsee Oulun länsipuolella? Hailuoto
68%
Mikä valtio on kokonaan Etelä-Afrikan ympäröimä? Lesotho
68%
Mikä on Saksan kansallinen lentoyhtiö? Lufthansa
64%
Minkä Espanjan itsehallinnollisen alueen pääkaupunki on Barcelona? Katalonia
59%
Mikä on Jaavan suurin kaupunki? Jakarta
50%
Mikä suolajärvi sijaitsee 430 metriä merenpinnan alapuolella? Kuollutmeri
49%
Mikä on Venäjän suurin kaupunki Tyynenmeren rannalla? Vladivostok
48%
Mikä saaristo sijaitsee Argentiinan ja Chilen eteläkärjessä? Tulimaa
42%
Mikä Kiinan alue sisältää maailman korkeimmalla sijaitsevan ylängön? Tiibet
37%
Mikä vuoristo yltää Tšekistä Romaniaan? Karpaatit
34%
Mikä rakennus toimii yleensä Britannian kuninkaallisten häiden, kruunajaisten ja hautajaisten näyttämönä? Westminster Abbey
33%
Mikä on Pohjois-Amerikan korkein vuori? Denali
30%
Mikä Ranskan alue sijaitsee Etelä-Amerikassa? Ranskan Guayana
25%
Mikä on Kanadan suurin saari? Baffininsaari
19%
Mikä pääkaupunki tarkoittaa paikallisella kielellä "punaista sankaria"? Ulaanbaatar
15%
Ehtoja vastaavia visoja ei löytynyt
Tulosjakauma
Jokaisen tuloksen saaneiden osuus
Persentiili vastausten määrän mukaan
Tuloshistoriasi
Et ole pelannut tätä visaa